Statistics for Click Religions by Country

Click here to take the quiz!

General Stats

  • This quiz has been taken 162 times
  • The average score is 24 of 32

Answer Stats

HintAnswer% Correct
IranIslamic
92%
AfghanistanIslamic
91%
QatarIslamic
88%
Vatican CityCatholic
87%
IndiaHindu
87%
AlgeriaIslamic
87%
MexicoCatholic
86%
RussiaChristian Orthodox
86%
BrazilCatholic
85%
ThailandBuddhist
83%
IsraelJewish
82%
United KingdomProtestant
80%
IndonesiaIslamic
79%
UkraineChristian Orthodox
78%
SwedenProtestant
77%
MongoliaBuddhist
73%
UzbekistanIslamic
73%
SerbiaChristian Orthodox
71%
MyanmarBuddhist
69%
HaitiCatholic
69%
South AfricaProtestant
69%
PolandCatholic
68%
CyprusChristian Orthodox
67%
NigerIslamic
67%
CroatiaCatholic
66%
RomaniaChristian Orthodox
64%
BhutanBuddhist
63%
KosovoIslamic
58%
KenyaProtestant
57%
ZambiaProtestant
56%
NepalHindu
52%
Sri LankaBuddhist
41%

Score Distribution

Percentile by Number Answered

Percent of People with Each Score

Your Score History

You have not taken this quiz